<?xml version="1.0" encoding="UTF-8"?><?xml-stylesheet type="text/xsl" href="static/style.xsl"?><OAI-PMH xmlns="http://www.openarchives.org/OAI/2.0/" xmlns:xsi="http://www.w3.org/2001/XMLSchema-instance" xsi:schemaLocation="http://www.openarchives.org/OAI/2.0/ http://www.openarchives.org/OAI/2.0/OAI-PMH.xsd"><responseDate>2026-06-02T21:45:32Z</responseDate><request verb="GetRecord" identifier="oai:riuma.uma.es:10630/37042" metadataPrefix="marc">https://riuma.uma.es/rest/oai/request</request><GetRecord><record><header><identifier>oai:riuma.uma.es:10630/37042</identifier><datestamp>2026-02-03T11:09:02Z</datestamp><setSpec>com_10630_2254</setSpec><setSpec>col_10630_37953</setSpec></header><metadata><record xmlns="http://www.loc.gov/MARC21/slim" xmlns:dcterms="http://purl.org/dc/terms/" xmlns:doc="http://www.lyncode.com/xoai" xmlns:xsi="http://www.w3.org/2001/XMLSchema-instance" xsi:schemaLocation="http://www.loc.gov/MARC21/slim http://www.loc.gov/standards/marcxml/schema/MARC21slim.xsd">
   <leader>00925njm 22002777a 4500</leader>
   <datafield ind2=" " ind1=" " tag="042">
      <subfield code="a">dc</subfield>
   </datafield>
   <datafield ind2=" " ind1=" " tag="720">
      <subfield code="a">Jerrim, Jonh</subfield>
      <subfield code="e">author</subfield>
   </datafield>
   <datafield ind2=" " ind1=" " tag="720">
      <subfield code="a">Prieto-Latorre, Claudia</subfield>
      <subfield code="e">author</subfield>
   </datafield>
   <datafield ind2=" " ind1=" " tag="720">
      <subfield code="a">López-Agudo, Luis Alejandro</subfield>
      <subfield code="e">author</subfield>
   </datafield>
   <datafield ind2=" " ind1=" " tag="720">
      <subfield code="a">Marcenaro-Gutiérrez, Óscar David</subfield>
      <subfield code="e">author</subfield>
   </datafield>
   <datafield ind2=" " ind1=" " tag="260">
      <subfield code="c">2023-01-11</subfield>
   </datafield>
   <datafield ind2=" " ind1=" " tag="520">
      <subfield code="a">This study uses longitudinal census data to explore the correlates of school satisfaction among parents of 3rd and 6th grade students from the Canary Islands, a large administrative region in Spain. We use logistic regression to model parental dissatisfaction with their children’s school and teachers. Our results illustrate how parents value academic performance in reading and mathematics equally, while also placing equal emphasis on the development of cognitive and non-cognitive skills. Yet, we find that what matters the most to parents is their children’s happiness at school, rather than their educational progress. We also find that teachers may be able to improve parental satisfaction by providing regular feedback to parents about their children’s progress. Lastly, we discuss some implications for schools to meet parental needs; for example, schools should promote activities such as specialised workshops for parents on various topics ranging from child development to emotional development, stress management and self-confidence.</subfield>
   </datafield>
   <datafield ind1="8" ind2=" " tag="024">
      <subfield code="a">Jerrim, J., Prieto-Latorre, C., Lopez-Agudo, L. A., &amp; Marcenaro-Gutierrez, O. D. (2023). Parents’(dis) satisfaction with schools: Evidence from longitudinal administrative data from Spain. Educational Review, 76(6), 1399-1438.</subfield>
   </datafield>
   <datafield ind1="8" ind2=" " tag="024">
      <subfield code="a">https://hdl.handle.net/10630/37042</subfield>
   </datafield>
   <datafield ind1="8" ind2=" " tag="024">
      <subfield code="a">10.1080/00131911.2022.2153804</subfield>
   </datafield>
   <datafield tag="653" ind2=" " ind1=" ">
      <subfield code="a">Escuelas - Satisfacción</subfield>
   </datafield>
   <datafield ind2="0" ind1="0" tag="245">
      <subfield code="a">Parents’(dis) satisfaction with schools: Evidence from longitudinal administrative data from Spain</subfield>
   </datafield>
</record>
</metadata></record></GetRecord></OAI-PMH>